5HLuxD.jpg

KING HENRY VIII SENIOR AND PRIMARY SCHOOL LIBRARY OPAC

FOREVERLAND (Record no. 4948)

000 -LEADER
fixed length control field 00327nam a22001217a 4500
008 - FIXED-LENGTH DATA ELEMENTS--GENERAL INFORMATION
fixed length control field 250425b ||||| |||| 00| 0 eng d
020 ## - INTERNATIONAL STANDARD BOOK NUMBER
International Standard Book Number 9781250763334
082 ## - DEWEY DECIMAL CLASSIFICATION NUMBER
Classification number 813.6 KEA
100 ## - MAIN ENTRY--PERSONAL NAME
Personal name C.KEAR,NICOLE
Relator term AUTHOR
245 ## - TITLE STATEMENT
Title FOREVERLAND
260 ## - PUBLICATION, DISTRIBUTION, ETC.
Place of publication, distribution, etc. 120 BROADWAY,NEW YORK,NY 10271
Name of publisher, distributor, etc. MACMILLAN PUBLISHING GROUP,LLC
942 ## - ADDED ENTRY ELEMENTS (KOHA)
Source of classification or shelving scheme
Holdings
Withdrawn status Lost status Source of classification or shelving scheme Damaged status Not for loan Collection code Permanent Location Current Location Shelving location Date acquired Full call number Barcode Date last seen Price effective from Koha item type Public note
          Fiction KH8 Primary School Library KH8 Primary School Library Fiction 2025-04-25 813.6 KEA KHPL000006820 2025-12-05 2025-04-25 Books - Fiction KH8 PRIMARY LIBRARY

Powered By KH8 IT Dept